000 00706nam a2200193Ii 4500
003 JO-AjNU
008 230605s9999||||xx |||||||||||||| ||und||
040 _aJO-AjNU
_bara
_erda
_cJO-AjNU
041 _aara
050 1 4 _aDS79.76.F39.2010
100 3 _aالفيضي، محمد بشار,
_eauthor
_964093
245 0 0 _aالسراب - حصاد العملية السياسية في ظل الاحتلال الامريكي للعراق 2005-2010م
250 _aط1
264 3 1 _aعمان: دار الجيل العربي للطباعة والنشر والتوزيع، 2010
300 _a504ص
336 _atext
_btxt
_2rdacontent
337 _aunmediated
_bn
_2rdamedia
338 _avolume
_bnc
_2rdacarrier
999 _aA29107
_c32675
_d32675